[Event "Ch Great Britain"]
[Site "masterchessopen.com - Torquay (England)"]
[Round "4"]
[White "Nixon Thomas CM (ENG)"]
[Black "Williams Simon (ENG)"]
[Result "0-1"]
[WhiteElo "2204"]
[BlackElo "2405"]

1.d4 e6 2.c4 f5 3.Nf3 Nf6 4.g3 Be7 5.Bg2 O-O 6.O-O d6 7.Nc3 a5 8.Qb3 Qe8 9.Nd2
a4 10.Qc2 e5 11.dxe5 dxe5 12.Nd5 Bd8 13.b4 Nc6 14.a3 Nd4 15.Qd1 Qh5 16.Nc3 f4
17.f3 Bf5 18.Ra2 Be7 19.Re1 Qg6 20.e4 fxe3 21.Rxe3 Bc2 22.Rxc2 Qxc2 23.Qxc2
Nxc2 24.Rxe5 Bd6 25.Re2 Nd4 26.Re1 Rae8 27.Rxe8 Rxe8 28.Kf2 Nb3 29.Nxb3 axb3
30.Bb2 Be5 31.Bf1 Bd4+ 32.Kg2 Re1 33.c5 Bxc3 34.Bxc3 Rc1 {#R} 0-1

[Event "Ch France (team) (2) 2002/03"]
[Site "masterchessopen.com - France"]
[Round "6"]
[White "Zawadski Stephane (FRA)"]
[Black "Bolding Klaus (FRA)"]
[Result "1-0"]
[WhiteElo "2200"]
[BlackElo "2340"]

1.d4 f5 2.Nf3 Nf6 3.g3 e6 4.Bg2 Be7 5.O-O O-O 6.c4 d6 7.Nc3 a5 8.Qc2 Nc6 9.b3
Qe8 10.Bd2 Qh5 11.Nb5 Bd8 12.d5 Nb4 13.Bxb4 axb4 14.dxe6 Bxe6 15.Qd2 h6 16.e3
g5 17.Qxb4 f4 18.exf4 gxf4 19.Nbd4 Bc8 20.Ne2 fxg3 21.Nxg3 Qg6 22.Qd2 Ng4
23.Rae1 h5 24.Kh1 h4 25.Ne4 Bf5 26.Qd5+ Be6 27.Qxb7 Rxa2 28.Nd4 Nxf2+ 29.Nxf2
Rfxf2 30.Rxf2 Rxf2 31.Nxe6 c6 32.Bxc6 Ba5 {#r} 1-0

[Event "It (open)"]
[Site "masterchessopen.com - La Fere (France)"]
[Round "7"]
[White "Van Der Stricht Geert (BEL)"]
[Black "Renard Stephane (FRA)"]
[Result "1-0"]
[WhiteElo "2413"]
[BlackElo "1982"]

1.d4 f5 2.g3 Nf6 3.Bg2 e6 4.Nf3 Be7 5.O-O O-O 6.c4 d6 7.Nc3 a5 8.Qc2 Nc6 9.Bg5
h6 10.Bxf6 Bxf6 11.Rad1 Qe7 12.e4 e5 13.Nd5 Qf7 14.dxe5 Nxe5 15.exf5 Bd8
16.Nxe5 dxe5 17.g4 c6 18.Ne3 Bg5 19.c5 h5 20.h3 hxg4 21.hxg4 Qe7 22.Rd6 Bf4
23.Rfd1 Qh4 24.R1d3 Bxe3 25.Rxe3 Qxg4 26.Qb3+ {#r} 1-0

[Event "Ch Commonwealth"]
[Site "masterchessopen.com - Mumbai (India)"]
[Round "5"]
[White "Sai Krishna S (IND)"]
[Black "Girinath P D S (IND)"]
[Result "0-1"]
[WhiteElo "2155"]
[BlackElo "2406"]

1.d4 f5 2.c4 Nf6 3.g3 e6 4.Bg2 Be7 5.Nf3 O-O 6.O-O d6 7.Nc3 a5 8.Qc2 Nc6 9.Rd1
Qe8 10.a3 e5 11.d5 Nb8 12.Nb5 Na6 13.b3 Qh5 14.h3 h6 15.e3 Bd7 16.a4 g5 17.Qe2
Rae8 18.Ba3 Ne4 19.Rac1 Bd8 20.Nfd4 Qxe2 21.Nxe2 Nec5 22.Bxc5 Nxc5 23.Rb1 Re7
24.Rb2 Rg7 25.Kh2 h5 26.f3 g4 27.hxg4 hxg4 28.f4 Bxb5 29.cxb5 Bf6 30.Rbb1 Re8
31.Rf1 exf4 32.Nxf4 Rh7+ 33.Kg1 Rxe3 34.Rbd1 Rxg3 35.Ne2 Re3 36.Rxf5 {#R} 0-1

[Event "It (open)"]
[Site "masterchessopen.com - Cappelle la Grande (France)"]
[Date "2004.03.05"]
[Round "8"]
[White "Schulze Ulrich (GER)"]
[Black "Renard Stephane (FRA)"]
[Result "1-0"]
[WhiteElo "2333"]
[BlackElo "1982"]

1.d4 f5 2.g3 Nf6 3.Bg2 e6 4.c4 Be7 5.Nf3 O-O 6.O-O d6 7.Nc3 a5 8.Re1 Ne4
9.Nxe4 fxe4 10.Nd2 d5 11.a3 Nc6 12.e3 Bf6 13.Rb1 a4 14.b4 axb3 15.Qxb3 Ne7
16.cxd5 exd5 17.Nxe4 {#r} 1-0

[Event "It (open)"]
[Site "masterchessopen.com - Goteborg (Sweden)"]
[Date "2004.06.16"]
[Round "5"]
[White "Carlhammar Magnus (SWE)"]
[Black "Ask Josef (SWE)"]
[Result "1-0"]
[WhiteElo "2298"]
[BlackElo "2208"]

1.d4 e6 2.c4 f5 3.g3 Nf6 4.Bg2 Be7 5.Nf3 O-O 6.O-O d6 7.Nc3 a5 8.b3 Ne4 9.Bb2
Nxc3 10.Bxc3 Qe8 11.Re1 Qh5 12.e4 f4 13.e5 d5 14.Nd2 Qf7 15.cxd5 exd5 16.e6
Qf5 17.Re5 Qd3 18.Rc1 Nc6 19.Rxd5 fxg3 20.hxg3 Qg6 21.Be4 Qe8 22.Rh5 g6 23.Qg4
Ba3 24.d5 Ne7 25.Rxh7 {#r} 1-0

[Event "It (open)"]
[Site "masterchessopen.com - Cappelle la Grande (France)"]
[Date "2005.02.12"]
[Round "1"]
[White "Clery Nicolas (FRA)"]
[Black "Williams Simon (ENG)"]
[Result "0-1"]
[WhiteElo "2254"]
[BlackElo "2452"]

1.d4 e6 2.Nf3 f5 3.g3 Nf6 4.Bg2 Be7 5.O-O O-O 6.c4 d6 7.Nc3 a5 8.b3 Ne4 9.Bb2
Nxc3 10.Bxc3 Qe8 11.Re1 Qh5 12.e4 f4 13.e5 d5 14.Qe2 c6 15.Bd2 g5 16.h3 a4
17.Qd3 Bd7 18.g4 Qh6 19.bxa4 Rxa4 20.c5 Be8 21.a3 Nd7 22.Qb3 Ra7 23.a4 Bg6
24.Kf1 Be4 25.Ke2 Qg6 26.a5 Rfa8 27.Kd1 Bd8 28.Ke2 Bc2 {#R} 0-1

[Event "It (open)"]
[Site "masterchessopen.com - Cappelle la Grande (France)"]
[Date "2005.02.14"]
[Round "3"]
[White "Iskusnyh Sergei (RUS)"]
[Black "Williams Simon (ENG)"]
[Result "1-0"]
[WhiteElo "2473"]
[BlackElo "2452"]

1.d4 e6 2.c4 f5 3.g3 Nf6 4.Bg2 Be7 5.Nf3 O-O 6.O-O d6 7.Nc3 a5 8.b3 Ne4 9.Bb2
Nxc3 10.Bxc3 Qe8 11.Re1 Qh5 12.e4 f4 13.e5 d5 14.Qd3 c6 15.Bd2 g5 16.gxf4 gxf4
17.Kh1 a4 18.c5 Bd7 19.Ng1 Qh4 20.b4 Na6 21.Ne2 Be8 22.Rg1 Bg6 23.Bf3 Kh8
24.Rxg6 hxg6 25.Qxg6 Rg8 26.Nxf4 Bg5 27.Qxe6 Nc7 28.Ng6+ Rxg6 29.Qxg6 Bxd2
30.Rg1 Qh6 31.Qf7 Rf8 32.Qxc7 Rxf3 33.e6 Qf6 34.e7 Re3 35.Qd8+ Kh7 36.Qg8+
{#r} 1-0

[Event "It (cat.8)"]
[Site "masterchessopen.com - Budapest (Hungary)"]
[Date "2005.08.12"]
[Round "7"]
[White "Erdos Viktor (HUN)"]
[Black "Bellin Robert (ENG)"]
[Result "1-0"]
[WhiteElo "2522"]
[BlackElo "2374"]

1.d4 f5 2.c4 Nf6 3.g3 e6 4.Bg2 Be7 5.Nf3 d6 6.O-O O-O 7.Nc3 a5 8.b3 Ne4 9.Bb2
Nxc3 10.Bxc3 Qe8 11.Re1 Qh5 12.e4 f4 13.e5 d5 14.h3 c6 15.g4 Qg6 16.Bf1 Bd7
17.Qd3 Qh6 18.Kg2 g5 19.Qd2 b6 20.Rec1 Na6 21.a3 Rfc8 22.cxd5 cxd5 23.Qe2 Nb8
24.Bb2 Rf8 25.Rc2 Bd8 26.Rac1 Ra7 27.a4 Be7 28.Rc7 Rxc7 29.Rxc7 Rf7 30.Rb7 Qf8
31.Qc2 Qd8 32.Bb5 Bb4 33.Rc7 Kg7 34.Bd3 Kg8 35.Bc1 Bf8 36.Bd2 Rg7 37.Qc1 Qe8
38.Rb7 {#r} 1-0

[Event "Ch SCG (team) (Liga Vojevodina)"]
[Site "masterchessopen.com - Pancevo (Yugoslavia)"]
[Round "7"]
[White "Bogosavljevic Boban (SRB)"]
[Black "Skoko Milan (SRB)"]
[Result "1-0"]
[WhiteElo "2325"]
[BlackElo "2230"]

1.Nf3 f5 2.d4 Nf6 3.g3 e6 4.Bg2 Be7 5.O-O O-O 6.c4 d6 7.Nc3 a5 8.Re1 Nc6 9.d5
Nb4 10.dxe6 Bxe6 11.Ng5 Bc8 12.a3 Na6 13.Nd5 Ng4 14.Nxe7+ Qxe7 15.e4 f4
16.gxf4 c6 17.Bf3 Nxf2 18.Kxf2 h6 19.h4 hxg5 20.hxg5 Be6 21.f5 Bxc4 22.Rh1 Nc5
23.g6 Nxe4+ 24.Bxe4 Rxf5+ 25.Bxf5 Qf6 26.Qh5 Kf8 27.Qg5 Qd4+ 28.Qe3 Qf6
29.Rh8+ Bg8 30.Rxg8+ Kxg8 31.Qe6+ {#r} 1-0

[Event "It (open)"]
[Site "masterchessopen.com - Calvia (Spain)"]
[Date "2005.10.26"]
[Round "7"]
[White "Barcelo Pedro (ESP)"]
[Black "Torres Samper Rafael (ESP)"]
[Result "1-0"]
[WhiteElo "2247"]
[BlackElo "2111"]

1.Nf3 f5 2.g3 Nf6 3.Bg2 e6 4.c4 Be7 5.O-O O-O 6.d4 d6 7.Nc3 a5 8.b3 Nc6 9.d5
Nb4 10.dxe6 Bxe6 11.Nd4 Bc8 12.a3 Na6 13.Qc2 Ng4 14.Nd5 c6 15.Nxe7+ Qxe7 16.h3
Ne5 17.Bd2 Qf7 18.f4 Ng6 19.b4 Ne7 20.Kh2 d5 21.b5 Nc5 22.cxd5 Ne4 23.d6 Nd5
24.bxc6 bxc6 25.Nxc6 Bb7 26.Ne5 Rfc8 27.Qb2 Qe6 28.Qxb7 Rab8 29.Qd7 Qxd7
30.Nxd7 Rb2 31.Bxe4 fxe4 32.Rfd1 e3 33.Rac1 Rcc2 34.Rxc2 Rxc2 35.Bxa5 Rxe2+
36.Kg1 {#r} 1-0

[Event "It (open) (masters)"]
[Site "masterchessopen.com - Hastings (England)"]
[Date "2006.01.04"]
[Round "8"]
[White "Andersen Daniel (DEN)"]
[Black "O'grady Gary (IRL)"]
[Result "1-0"]
[WhiteElo "1933"]
[BlackElo "1937"]

1.c4 f5 2.g3 Nf6 3.Bg2 e6 4.d4 Be7 5.Nf3 O-O 6.O-O d6 7.Nc3 a5 8.Qc2 Nc6 9.e4
e5 10.dxe5 dxe5 11.exf5 Ng4 12.h3 Bxf5 13.Qb3 e4 14.hxg4 exf3 15.Bxf3 Nd4
16.Bd5+ Kh8 17.Qxb7 Rb8 18.Qa7 Nc2 19.gxf5 Nxa1 20.Be4 Bb4 21.Bf4 Qe7 22.Qxc7
Rbe8 23.Qxe7 Rxe7 24.f3 Rxe4 25.fxe4 Nc2 26.Nd5 Bc5+ 27.Kg2 a4 28.b4 axb3
29.axb3 Ra8 30.Rb1 Bd4 31.e5 Ra2 32.Kf3 Na3 33.Rd1 Bc5 34.Be3 Bxe3 35.Nxe3 Kg8
36.e6 Kf8 37.Rd8+ Ke7 38.Ra8 {#r} 1-0

[Event "It (cat.5)"]
[Site "masterchessopen.com - Nancy (France)"]
[Date "2006.02.23"]
[Round "5"]
[White "Pucher Olivier (FRA)"]
[Black "Sikula Vaszilij (UKR)"]
[Result "0-1"]
[WhiteElo "2306"]
[BlackElo "2515"]

1.d4 f5 2.g3 Nf6 3.Bg2 e6 4.Nf3 Be7 5.c4 d6 6.O-O O-O 7.Nc3 a5 8.Re1 Ne4 9.Qc2
Nxc3 10.Qxc3 Nc6 11.a3 Bf6 12.e4 e5 13.d5 Ne7 14.Be3 Qe8 15.exf5 Nxf5 16.Nd2
Nxe3 17.Qxe3 Qh5 18.Ne4 Bf5 19.c5 Bxe4 20.Bxe4 Bg5 21.Qb3 Rxf2 22.Kxf2 Qxh2+
23.Kf1 Rf8+ 24.Bf3 Qxg3 25.Ke2 Qh2+ 26.Kf1 Bh4 27.Qe3 e4 {#R} 0-1

[Event "Ch Russia (juniors) (under 16) (g)"]
[Site "masterchessopen.com - Dagomys (Russia)"]
[Round "1"]
[White "Golubova Diana (RUS)"]
[Black "Ertel Tatiana (RUS)"]
[Result "0-1"]
[WhiteElo "1816"]
[BlackElo "1970"]

1.d4 f5 2.g3 Nf6 3.Bg2 e6 4.Nf3 Be7 5.O-O O-O 6.c4 d6 7.Nc3 a5 8.b3 Nc6 9.Bb2
Qe8 10.Re1 Ne4 11.Nd2 Nxc3 12.Bxc3 f4 13.d5 Ne5 14.Nf3 fxg3 15.fxg3 Ng4 16.e4
e5 17.a3 Qh5 18.Qd2 h6 19.Re2 Bd7 20.Rae1 a4 21.b4 b5 22.Qa2 Rab8 23.cxb5 Bxb5
24.Rb2 Bg5 25.Kh1 Be3 26.Rd1 Nxh2 {#R} 0-1

[Event "Ch Russia (juniors) (under 16) (g)"]
[Site "masterchessopen.com - Dagomys (Russia)"]
[Round "3"]
[White "Sadykova Alsu (RUS)"]
[Black "Ertel Tatiana (RUS)"]
[Result "1-0"]
[WhiteElo "2081"]
[BlackElo "1970"]

1.d4 f5 2.c4 e6 3.Nf3 d6 4.g3 Nf6 5.Bg2 Be7 6.O-O O-O 7.Nc3 a5 8.Re1 Ne4 9.Qc2
Nxc3 10.bxc3 Nd7 11.e4 e5 12.exf5 Nb6 13.c5 Nd7 14.cxd6 cxd6 15.dxe5 dxe5
16.Nxe5 Nxe5 17.Rxe5 Bf6 18.Rd5 Qc7 19.Bb2 a4 20.a3 Be5 21.Re1 Bxf5 22.Qd2
Rae8 23.f4 Bxf4 24.gxf4 Be6 25.Rde5 Qb6+ 26.Kh1 Bf7 27.Rxe8 Bxe8 28.c4 Qg6
29.Bd5+ Kh8 30.Rg1 {#r} 1-0

[Event "Ch Great Britain"]
[Site "masterchessopen.com - Swansea (Wales)"]
[Date "2006.08.14"]
[Round "8"]
[White "Dilleigh Steve (ENG)"]
[Black "Bennet William D (ENG)"]
[Result "0-1"]
[WhiteElo "2130"]
[BlackElo "2144"]

1.d4 e6 2.c4 f5 3.g3 Nf6 4.Bg2 Be7 5.Nf3 d6 6.O-O O-O 7.Nc3 a5 8.b3 Ne4 9.Qc2
Nxc3 10.Qxc3 Bf6 11.Bb2 Nc6 12.Rad1 Qe8 13.Qc1 e5 14.d5 Ne7 15.Ng5 Bxg5
16.Qxg5 f4 17.gxf4 Rxf4 18.e4 Bg4 19.Bc1 h6 20.Qh4 Bxd1 21.Bxf4 Ng6 22.Qg3
Nxf4 {#R} 0-1

[Event "Bundesliga 2006/07 (w)"]
[Site "masterchessopen.com - Germany"]
[Date "2006.10.22"]
[Round "2"]
[White "Fey Franziska (GER)"]
[Black "Just Anita (GER)"]
[Result "0-1"]
[WhiteElo "2032"]
[BlackElo "1942"]

1.d4 e6 2.c4 f5 3.Nf3 Nf6 4.g3 Be7 5.Bg2 O-O 6.O-O d6 7.Nc3 a5 8.Qc2 Nc6 9.a3
e5 10.dxe5 dxe5 11.Rd1 Qe8 12.Nb5 Bd8 13.Be3 Ng4 14.Bd2 f4 15.Bc3 fxg3 16.hxg3
e4 17.Rxd8 Nxd8 18.Nxc7 Qe7 19.Nxa8 exf3 20.Bxf3 Qc5 21.Rf1 Bf5 22.Qd2 Ne6
23.Bxb7 Be4 24.Bxe4 Qh5 25.Rd1 Qh2+ {#R} 0-1

[Event "It"]
[Site "masterchessopen.com - Eupen (Belgium)"]
[Date "2006.12.14"]
[Round "7"]
[White "Kadimova Ilaha (AZE)"]
[Black "Meessen Rudolf (BEL)"]
[Result "1-0"]
[WhiteElo "2328"]
[BlackElo "2303"]

1.d4 e6 2.c4 f5 3.g3 Nf6 4.Bg2 Be7 5.Nf3 O-O 6.O-O d6 7.Nc3 a5 8.Re1 Ne4 9.Qc2
Nxc3 10.bxc3 Nc6 11.e4 e5 12.exf5 Bxf5 13.Qb3 a4 14.Qxb7 Bd7 15.Qb1 Kh8 16.Qe4
Bf6 17.Be3 Re8 18.Qc2 Rb8 19.d5 Na5 20.Nd2 Qe7 21.Rab1 Rxb1 22.Qxb1 Ra8 23.c5
Bg5 24.c6 Bxe3 25.Rxe3 Be8 26.Be4 g6 27.c4 Qd8 28.Ra3 Rb8 29.Qc2 Kg7 30.Qc3
{#r} 1-0

[Event "NRW Klasse 1 2006/07"]
[Site "masterchessopen.com - Germany"]
[Date "2007.03.18"]
[Round "7"]
[White "Becker Joerg (GER)"]
[Black "Meessen Rudolf (BEL)"]
[Result "1-0"]
[WhiteElo "2101"]
[BlackElo "2303"]

1.d4 e6 2.Nf3 f5 3.g3 Nf6 4.Bg2 Be7 5.O-O O-O 6.c4 d6 7.Nc3 a5 8.b3 Ne4 9.Bb2
Nxc3 10.Bxc3 Qe8 11.Qc2 Qh5 12.Ne1 f4 13.Nd3 g5 14.gxf4 gxf4 15.Bf3 Qh6 16.Kh1
Kh8 17.Rg1 Bf6 18.Qd2 Nc6 19.Nxf4 Bg7 20.Rxg7 Qxg7 21.Rg1 Qf6 22.Ng6+ Kg7
23.d5 {#r} 1-0

[Event "It \"]
[Site "masterchessopen.com - Belgrade (Yugoslavia)"]
[Round "6"]
[White "Maksimovic Miroslav (SRB)"]
[Black "Jelisavcic Srdjan (SRB)"]
[Result "1-0"]
[WhiteElo "2206"]
[BlackElo "2117"]

1.d4 e6 2.c4 f5 3.Nf3 d6 4.g3 Nf6 5.Bg2 Be7 6.O-O O-O 7.Nc3 a5 8.Qc2 Na6 9.a3
c6 10.e4 Rb8 11.Re1 fxe4 12.Nxe4 Nxe4 13.Qxe4 e5 14.dxe5 dxe5 15.Nxe5 Bc5
16.Be3 Bf5 17.Qf3 Bd6 18.Nxc6 bxc6 19.Qxc6 Qc7 20.Qxa6 Rxb2 21.Bd5+ Kh8 22.Qa7
h5 23.Qxc7 Bxc7 24.Bd4 Rd2 25.Rad1 Rxd1 26.Rxd1 Re8 27.Bf7 Rd8 28.Bxh5 a4
29.Bc3 Rc8 30.Bf7 Bh3 31.Rd5 {#r} 1-0

[Event "It \"]
[Site "masterchessopen.com - Alushta (Ukraine)"]
[Round "8"]
[White "Khudiakov Alexandr (UKR)"]
[Black "Shtyrenkov Veniamen (RUS)"]
[Result "0-1"]
[WhiteElo "2166"]
[BlackElo "2369"]

1.d4 e6 2.c4 f5 3.Nf3 Nf6 4.g3 Be7 5.Bg2 d6 6.O-O O-O 7.Nc3 a5 8.Re1 Ne4 9.Qc2
Nc6 10.Nxe4 Nb4 11.Qb1 fxe4 12.Qxe4 e5 13.g4 exd4 14.Nxd4 Re8 15.Nb5 Bh4
16.Qf4 Nd3 17.exd3 Rxe1+ 18.Bf1 Bg5 19.Qxg5 Qxg5 20.Bxg5 Rxa1 21.Nxc7 Bxg4
{#R} 0-1

[Event "It (open)"]
[Site "masterchessopen.com - Cesenatico (Italy)"]
[Date "2007.09.04"]
[Round "4"]
[White "Stiller Juergen (GER)"]
[Black "Naumkin Igor (RUS)"]
[Result "0-1"]
[WhiteElo "2241"]
[BlackElo "2487"]

1.d4 e6 2.Nf3 f5 3.g3 Nf6 4.Bg2 Be7 5.O-O O-O 6.c4 d6 7.Nc3 a5 8.Qc2 Nc6 9.a3
e5 10.dxe5 dxe5 11.Rd1 Qe8 12.e4 f4 13.gxf4 Bg4 14.f5 Qh5 15.Rd3 Rad8 16.Nd5
Bc5 17.Ng5 Nd4 18.Rxd4 Bxd4 19.Ne6 Bf3 20.Bxf3 Qxf3 21.Nxf6+ gxf6 22.Bh6 Rfe8
23.Nxd8 Rxd8 24.Re1 Kh8 25.Qd2 Qh3 {#R} 0-1

[Event "Ch Belgrade (team) (Premijer liga)"]
[Site "masterchessopen.com - Belgrade (Yugoslavia)"]
[Date "2007.10.03"]
[Round "9"]
[White "Pavlovic Dragoljub (SRB)"]
[Black "Tatisic Milan (SRB)"]
[Result "1-0"]
[WhiteElo "2268"]
[BlackElo "2220"]

1.d4 f5 2.g3 e6 3.Bg2 Nf6 4.c4 Be7 5.Nf3 O-O 6.O-O d6 7.Nc3 a5 8.Re1 Ne4 9.Qc2
Nxc3 10.bxc3 Nc6 11.d5 Ne5 12.Nd4 Nxc4 13.dxe6 c6 14.e4 c5 15.Nxf5 Bxe6 16.Rb1
Rb8 17.a4 Rf7 18.Ne3 Nxe3 19.Bxe3 Bc4 20.Bf1 Be6 21.f4 Rf8 22.c4 Qe8 23.Bd2 b6
24.Bc3 Bd7 25.Ra1 Bc6 26.Bg2 Qf7 27.e5 Bxg2 28.e6 Qf5 29.Qxf5 Rxf5 30.Kxg2 Rc8
31.Rad1 g6 32.Re4 h5 33.h3 Kh7 34.g4 Rff8 35.Rf1 Rc7 36.f5 gxf5 37.gxf5 Rg8+
38.Kf3 {#r} 1-0

[Event "It (cat.3)"]
[Site "masterchessopen.com - Ronda (Spain)"]
[Date "2007.11.03"]
[Round "7"]
[White "Lopez Gonzalez Daniel (ESP)"]
[Black "Paz Ladron De Guevara Daniel (ESP)"]
[Result "1-0"]
[WhiteElo "2176"]
[BlackElo "2362"]

1.d4 e6 2.Nf3 f5 3.g3 Nf6 4.Bg2 Be7 5.O-O O-O 6.c4 d6 7.Nc3 a5 8.b3 c6 9.Bb2
Na6 10.e3 Bd7 11.Qe2 b5 12.cxb5 cxb5 13.Nxb5 Qb6 14.Nc3 Rfc8 15.Rfc1 Bc6
16.Ne1 d5 17.Nd3 Rab8 18.Rab1 Nb4 19.Ne5 Bb7 20.Qd2 Ne4 21.Nxe4 fxe4 22.Nd7
{#r} 1-0

[Event "It (open)"]
[Site "masterchessopen.com - Bad Wiessee (Germany)"]
[Date "2007.11.12"]
[Round "3"]
[White "Tillmann Markus (GER)"]
[Black "Pirrot Dieter (GER)"]
[Result "0-1"]
[WhiteElo "2204"]
[BlackElo "2417"]

1.d4 e6 2.c4 f5 3.g3 Nf6 4.Bg2 Be7 5.Nf3 d6 6.O-O O-O 7.Nc3 a5 8.Re1 Ne4 9.Nd2
Nxc3 10.bxc3 e5 11.Rb1 Nc6 12.c5 exd4 13.cxd4 dxc5 14.dxc5 Bxc5 15.Qc2 Qe7
16.Nb3 Bb6 17.Bxc6 bxc6 18.Nd4 c5 19.Nf3 Qe4 20.Qb2 c4 21.Bf4 h6 22.h4 Ba6
23.Be5 Rab8 24.Qc3 Rf7 25.Rbd1 Re8 26.Bf4 Bb7 27.Rd2 g5 28.hxg5 hxg5 29.Bxg5
Qg4 30.Rd8 Qxg3+ 31.Kf1 Qxf2# 0-1

[Event "Tournament \"]
[Site "masterchessopen.com - Nea Filadelfeia (Greece)"]
[Date "2007.11.17"]
[Round "9"]
[White "Khetsuriani Besarion (GEO)"]
[Black "Kaldis Georgios (GRE)"]
[Result "1-0"]
[WhiteElo "2337"]
[BlackElo "2027"]

1.Nf3 e6 2.g3 f5 3.Bg2 Nf6 4.O-O Be7 5.d4 d6 6.c4 O-O 7.Nc3 a5 8.a3 Ne4 9.Qc2
Nxc3 10.bxc3 Bf6 11.e4 fxe4 12.Qxe4 Nc6 13.h4 Qe8 14.Rb1 e5 15.dxe5 Bxe5
16.Ng5 g6 17.Qd5+ Kg7 18.Qd2 Rb8 19.Re1 Ne7 20.Rb5 c6 21.Rbxe5 dxe5 22.Qd6 Bf5
23.Rxe5 Kg8 24.Rxe7 Rd8 25.Qe5 Qxe7 26.Qxe7 {#r} 1-0

[Event "It (open) (masters)"]
[Site "masterchessopen.com - Singapore"]
[Date "2007.12.21"]
[Round "9"]
[White "Paciencia Enrique (SIN)"]
[Black "Girinath P D S (IND)"]
[Result "0-1"]
[WhiteElo "2431"]
[BlackElo "2448"]

1.d4 f5 2.g3 Nf6 3.Bg2 e6 4.c4 Be7 5.Nf3 O-O 6.O-O d6 7.Nc3 a5 8.Qc2 Nc6 9.e4
fxe4 10.Nxe4 e5 11.dxe5 dxe5 12.Nfg5 Nxe4 13.Nxe4 Nd4 14.Qd1 Bf5 15.Be3 Qd7
16.Bxd4 exd4 17.Qb3 a4 18.Qc2 a3 19.b3 Bb4 20.Rad1 c5 21.Qc1 Rae8 22.f3 h6
23.h4 Re7 24.Rd3 Ref7 25.Qd1 Qe7 26.Qe2 Kh8 27.Kh2 Ba5 28.Kg1 Re8 29.Qd1 Bc7
30.Qc1 Bxg3 31.Nxg3 Bxd3 32.Rd1 Qxh4 {#R} 0-1

[Event "It (open)"]
[Site "masterchessopen.com - Urmia (Iran)"]
[Date "2008.02.05"]
[Round "5"]
[White "Grigoryan Avetik (ARM)"]
[Black "Girinath P D S (IND)"]
[Result "1-0"]
[WhiteElo "2513"]
[BlackElo "2423"]

1.Nf3 f5 2.d4 Nf6 3.g3 e6 4.Bg2 Be7 5.c4 O-O 6.O-O d6 7.Nc3 a5 8.Re1 Ne4 9.Qc2
Nxc3 10.Qxc3 Bf6 11.e4 fxe4 12.Rxe4 Nc6 13.Bf4 g5 14.Bd2 e5 15.dxe5 dxe5 16.g4
Be6 17.Qe3 Qd7 18.Nxg5 Bxg4 19.Nxh7 Bf5 20.Nxf8 Rxf8 21.Bc3 Kf7 22.Kh1 Rg8
23.f4 Nd4 24.fxe5 Nc2 25.e6+ Bxe6 26.Qf2 Bf5 27.Qxc2 Bxc3 28.bxc3 Qc6 29.Rf1
{#r} 1-0

[Event "Ch England (team) 2007/08 (3 div)"]
[Site "masterchessopen.com - England"]
[Date "2008.03.01"]
[Round "7"]
[White "Talsma Paul (NED)"]
[Black "Ackley Peter J E (ENG)"]
[Result "1-0"]
[WhiteElo "2237"]
[BlackElo "2112"]

1.d4 e6 2.c4 f5 3.g3 Nf6 4.Bg2 Be7 5.Nf3 O-O 6.O-O d6 7.Nc3 a5 8.b3 Ne4 9.Bb2
Nxc3 10.Bxc3 Qe8 11.Qd2 a4 12.b4 Qh5 13.Ne1 Nd7 14.Nd3 Nf6 15.f3 Bd7 16.Nf4
Qh6 17.e4 Nh5 18.Nxh5 Qxh5 19.f4 c6 20.Rae1 Bf6 21.e5 Be7 22.d5 exd5 23.cxd5
dxe5 24.fxe5 Bg5 25.Qd3 f4 26.e6 Be8 27.d6 fxg3 28.Rxf8+ {#r} 1-0

[Event "Ch Region (open)"]
[Site "masterchessopen.com - Odessa (Ukraine)"]
[Date "2008.04.24"]
[Round "9"]
[White "Avetisian Tigran (UKR)"]
[Black "Bugaev Viktor (UKR)"]
[Result "0-1"]
[WhiteElo "2016"]
[BlackElo "2009"]

1.d4 e6 2.c4 f5 3.g3 Nf6 4.Bg2 Be7 5.Nf3 O-O 6.O-O d6 7.Nc3 a5 8.Re1 Ne4 9.Qc2
Nc6 10.Nxe4 fxe4 11.Qxe4 Kh8 12.Bd2 Bf6 13.Bc3 Ne7 14.Qc2 Ng6 15.h4 Qe8 16.e4
e5 17.Rad1 Bg4 18.Rd2 Bxf3 19.Bxf3 exd4 20.Bxd4 Bxd4 21.Bh5 Qe5 22.Kg2 Rxf2+
23.Rxf2 Bxf2 24.Kxf2 Qxh5 {#R} 0-1

[Event "It (open)"]
[Site "masterchessopen.com - Porto Mannu (Italy)"]
[Date "2008.05.17"]
[Round "1"]
[White "Glienke Manfred Dr (GER)"]
[Black "Naumkin Igor (RUS)"]
[Result "0-1"]
[WhiteElo "2318"]
[BlackElo "2506"]

1.d4 e6 2.Nf3 f5 3.g3 Nf6 4.Bg2 Be7 5.O-O O-O 6.c4 d6 7.Nc3 a5 8.Qc2 Nc6 9.e4
Nb4 10.Qe2 fxe4 11.Nxe4 Nxe4 12.Qxe4 e5 13.Ne1 exd4 14.Qxd4 Bf6 15.Qd1 Be6
16.a3 Nc6 17.Bd5 Qd7 18.Nc2 Kh8 19.Be3 Bh3 20.Bg2 Bxg2 21.Kxg2 Ne5 22.b3 a4
23.Nb4 axb3 24.Qxb3 Qg4 25.Rac1 Qf3+ 26.Kg1 Qe4 27.Qc2 Nf3+ 28.Kh1 Qg4 29.Kg2
Nh4+ 30.Kg1 Rxa3 31.Nd5 Nf3+ 32.Kg2 Be5 33.Qd1 Qe4 {#R} 0-1

[Event "Memorial Y. Voroniatov (open)"]
[Site "masterchessopen.com - Nizhnij Novgorod (Russia)"]
[Round "0"]
[White "Svetlov Dmitry (RUS)"]
[Black "Marsak Viktor D (RUS)"]
[Result "1-0"]
[WhiteElo "2327"]
[BlackElo "2043"]

1.d4 f5 2.Nf3 Nf6 3.g3 e6 4.Bg2 Bb4+ 5.c3 Be7 6.O-O O-O 7.c4 d6 8.Nc3 a5 9.Re1
Ne4 10.Qc2 Nxc3 11.Qxc3 Bf6 12.e4 c5 13.exf5 exf5 14.Be3 Nc6 15.Qd2 b6 16.Ng5
cxd4 17.Bxc6 dxe3 18.Qd5+ Kh8 19.Nf7+ Rxf7 20.Qxf7 f4 21.gxf4 exf2+ 22.Kxf2
Bd4+ 23.Kg2 Be5 24.fxe5 Qg5+ 25.Kh1 {#r} 1-0

[Event "It \"]
[Site "masterchessopen.com - England"]
[Date "2008.08.17"]
[Round "5"]
[White "Taylor Martin R (ENG)"]
[Black "Ackley Peter J E (ENG)"]
[Result "1-0"]
[WhiteElo "2342"]
[BlackElo "2112"]

1.d4 e6 2.Nf3 f5 3.g3 Nf6 4.Bg2 Be7 5.O-O O-O 6.c4 d6 7.Nc3 a5 8.b3 Ne4 9.Bb2
Nxc3 10.Bxc3 Qe8 11.Ne1 Nd7 12.Nd3 g5 13.e4 f4 14.Kh1 fxg3 15.fxg3 c6 16.Rxf8+
Nxf8 17.Qd2 a4 18.Re1 axb3 19.axb3 Bd7 20.d5 e5 21.c5 h6 22.b4 Rb8 23.Nb2 Rd8
24.Nc4 dxc5 25.bxc5 Bxc5 26.Nxe5 Ng6 27.Nd3 Bf8 28.Ba1 cxd5 29.exd5 Qf7 30.Rf1
Qe8 31.Qb2 Bb5 32.Re1 Bxd3 33.Rxe8 Rxe8 34.Qd2 Bb5 35.d6 Kh7 36.Bc3 Re2 37.Qd5
{#r} 1-0

[Event "It (open) (b)"]
[Site "masterchessopen.com - Groningen (Netherlands)"]
[Date "2008.12.23"]
[Round "3"]
[White "Jelic Bruno (NED)"]
[Black "Van Der Veen Anne (NED)"]
[Result "1-0"]
[WhiteElo "2075"]
[BlackElo "1921"]

1.d4 f5 2.Nf3 Nf6 3.g3 e6 4.Bg2 Be7 5.O-O O-O 6.c4 d6 7.Nc3 a5 8.Qc2 Nc6 9.a3
Qe8 10.d5 Nd8 11.Nd4 Qh5 12.Nxe6 Nxe6 13.dxe6 c6 14.b3 Bxe6 15.e3 Rae8 16.Bb2
Bc8 17.Rad1 Ng4 18.h3 Ne5 19.Qe2 Qh6 20.Na4 Bd8 21.Qd2 Bc7 22.Qc3 Ng6 23.Rd4
d5 24.cxd5 Bxg3 25.fxg3 Rxe3 26.Rd3 Rfe8 27.dxc6 b5 28.Nb6 b4 29.axb4 axb4
30.Qd4 Rxd3 31.Qxd3 f4 32.Nxc8 fxg3 33.Nd6 {#r} 1-0